Szovjet művészküldöttség érkezik ma Szegedre a jövő héten is lesznek szovjet vendégeink
Elmentve itt :
| Dokumentumtípus: | Cikk |
|---|---|
| Megjelent: |
1949-02-19
|
| Sorozat: | Délmagyarország
|
| Kulcsszavak: | Ulânova Galina Sergeevna, Kulturális kapcsolatok magyar-szovjet |
| Online Access: | http://dmarchiv.bibl.u-szeged.hu/52169 |
| LEADER | 00510nab a2200145 i 4500 | ||
|---|---|---|---|
| 001 | delm52169 | ||
| 005 | 20180927141942.0 | ||
| 008 | 180927s1949 hu o 0|| hun d | ||
| 040 | |a SZTE Délmagyarország Archívum |b hun | ||
| 041 | |a hun | ||
| 245 | 0 | 0 | |a Szovjet művészküldöttség érkezik ma Szegedre |h [elektronikus dokumentum] : |b a jövő héten is lesznek szovjet vendégeink |
| 260 | |c 1949-02-19 | ||
| 300 | |a 5 | ||
| 490 | 0 | |a Délmagyarország | |
| 695 | |a Ulânova Galina Sergeevna, Kulturális kapcsolatok magyar-szovjet | ||